| 000 | 01248nam a2200325Ia 4500 | ||
|---|---|---|---|
| 001 | ebr10515526 | ||
| 003 | CaPaEBR | ||
| 006 | m u | ||
| 007 | cr cn||||||||| | ||
| 008 | 090904s2007 si a sb 000 0 eng d | ||
| 020 | _z9789812613462 | ||
| 020 | _z9812613463 | ||
| 040 |
_aCaPaEBR _cCaPaEBR |
||
| 035 | _a(OCoLC)441781286 | ||
| 050 | 1 | 4 |
_aHF5386.5 _b.F67 2007eb |
| 082 | 0 | 4 |
_a650.13 _222 |
| 100 | 1 | _aForsyth, Patrick. | |
| 245 | 1 | 0 |
_aSurviving office politics _h[electronic resource] : _bsucceeding in the competitive jungle / _cby Patrick Forsyth. |
| 260 |
_aSingapore ; _aTarrytown, NY : _bMarshall Cavendish Editions, _cc2007. |
||
| 300 |
_a158 p. : _bill. |
||
| 504 | _aIncludes bibliographical references. | ||
| 533 |
_aElectronic reproduction. _bPalo Alto, Calif. : _cebrary, _d2011. _nAvailable via World Wide Web. _nAccess may be limited to ebrary affiliated libraries. |
||
| 650 | 0 | _aOffice politics. | |
| 650 | 0 | _aOrganizational behavior. | |
| 650 | 0 | _aSuccess in business. | |
| 650 | 0 | _aCareer development. | |
| 655 | 7 |
_aElectronic books. _2local |
|
| 710 | 2 | _aebrary, Inc. | |
| 856 | 4 | 0 |
_uhttp://site.ebrary.com/lib/rucke/Doc?id=10515526 _zAn electronic book accessible through the World Wide Web; click to view |
| 999 |
_c122338 _d122338 |
||